[Event "Ch Germany (seniors)"]
[Site "masterchessopen.com – Berlin (Germany)"]
[Date "2010.08.23"]
[Round "8"]
[White "Grimm Willi"]
[Black "Moeller Dirk (GER)"]
[Result "1-0"]
[WhiteElo "1629"]
[BlackElo "1616"]

1.Nf3 Nf6 2.d4 e6 3.c4 b6 4.e3 Bb7 5.Be2 c5 6.O-O Nc6 7.Nc3 Be7 8.d5 exd5
9.cxd5 Nb4 10.e4 Qb8 11.a3 Na6 12.e5 Ng4 13.d6 Bd8 14.Qa4 Qc8 15.Qxg4 Nb8
16.Qxg7 Rf8 17.Bh6 Be7 18.dxe7 Kxe7 19.Qxf8+ {#r} 1-0

[Event "Ch Iraq (first stage)"]
[Site "masterchessopen.com – Al-Sulaymaniyaha (Iraq)"]
[Date "2010.09.23"]
[Round "3"]
[White "Hayder Farhan Al- Hasnawi (IRQ)"]
[Black "Ali Ghazi Mahawi (IRQ)"]
[Result "0-1"]
[WhiteElo "1926"]
[BlackElo "2155"]

1.d4 Nf6 2.Nf3 e6 3.e3 b6 4.c4 Bb7 5.Bd3 Ne4 6.O-O Be7 7.Nbd2 f5 8.Ne5 O-O
9.Qc2 Nxd2 10.Bxd2 d6 11.Nf3 Bxf3 12.gxf3 Qe8 13.Kh1 Qh5 14.Qd1 Nd7 15.Rg1 c5
16.f4 Qxd1 17.Raxd1 cxd4 18.exd4 e5 19.dxe5 dxe5 20.Bc3 g6 21.fxe5 Nc5 22.Bc2
Rad8 23.Rxd8 {#R} 0-1

[Event "It (open)"]
[Site "masterchessopen.com – Curitiba (Brazil)"]
[Date "2010.11.19"]
[Round "2"]
[White "Pires Marcos Vinicius Torsani (BRA)"]
[Black "Mareco Sandro (ARG)"]
[Result "0-1"]
[WhiteElo "2119"]
[BlackElo "2560"]

1.d4 Nf6 2.c4 e6 3.Nf3 b6 4.e3 Bb7 5.Bd3 c5 6.O-O Be7 7.Nc3 cxd4 8.exd4 d5
9.b3 O-O 10.Bb2 Nc6 11.Rc1 Rc8 12.Qe2 dxc4 13.bxc4 Nb4 14.Bb1 Re8 15.Rfd1 Bxf3
16.Qxf3 Rxc4 17.d5 exd5 18.a3 Nc6 19.Ba2 Ne5 20.Qf5 Qc8 21.Qxe5 Bxa3 22.Nxd5
Rxe5 23.Nxf6+ gxf6 24.Bxc4 Rc5 25.Bxf7+ Kxf7 26.Bxa3 Rxc1 {#R} 0-1

[Event "Czech League 2010/11 (2nd) (d)"]
[Site "masterchessopen.com – Czech Republic"]
[Date "2010.11.21"]
[Round "3"]
[White "Bradac Roman (CZE)"]
[Black "Svub Jan (CZE)"]
[Result "0-1"]
[WhiteElo "2050"]
[BlackElo "2001"]

1.d4 Nf6 2.c4 e6 3.Nf3 b6 4.e3 Bb7 5.Bd3 Be7 6.Nc3 d5 7.cxd5 exd5 8.Qa4+ Nfd7
9.O-O O-O 10.e4 dxe4 11.Nxe4 Nf6 12.Nfg5 Nbd7 13.Be3 h6 14.Nxf6+ Nxf6 15.Nf3
Bxf3 16.gxf3 Qd5 17.Kg2 Bd6 18.Qb5 c5 19.dxc5 bxc5 20.Qc4 Qh5 21.Bf4 Rad8
22.Rad1 Bxf4 23.Qxf4 Rxd3 {#R} 0-1

[Event "Ch Vietnam"]
[Site "masterchessopen.com – Dalat City (Vietnam)"]
[Date "2011.03.21"]
[Round "3"]
[White "Hoang Van Ngoc (VIE)"]
[Black "Nguyen Thien Viet (VIE)"]
[Result "1-0"]
[WhiteElo "2170"]
[BlackElo "2265"]

1.d4 Nf6 2.c4 e6 3.Nf3 b6 4.e3 Bb7 5.Bd3 c5 6.O-O cxd4 7.exd4 d5 8.Nc3 Be7
9.cxd5 Nxd5 10.Bb5+ Kf8 11.Re1 Nc6 12.Bd2 Rc8 13.a3 Nxc3 14.Bxc3 a6 15.Bd3 Rc7
16.Qe2 Qa8 17.Rac1 Bd6 18.Ne5 b5 19.Qg4 h5 20.Qg5 Be7 21.Ng6+ Kg8 {#r} 1-0

[Event "It (open)"]
[Site "masterchessopen.com – Teplice (Czech Republic)"]
[Date "2011.06.11"]
[Round "1"]
[White "Horyna Josef (CZE)"]
[Black "Sodoma Jan (CZE)"]
[Result "0-1"]
[WhiteElo "1888"]
[BlackElo "2380"]

1.d4 Nf6 2.c4 e6 3.Nf3 b6 4.e3 Bb7 5.Bd3 Be7 6.Nc3 d5 7.cxd5 exd5 8.O-O O-O
9.Re1 c5 10.b3 Nc6 11.dxc5 bxc5 12.Bb2 Qa5 13.Qe2 Nb4 14.Bb1 Ba6 15.Qd1 Rfd8
16.a3 Nc6 17.Qc2 Bb7 18.Rd1 g6 19.Ne2 Rac8 20.Ng3 Qb6 21.Bc3 d4 22.Bd2 dxe3
23.fxe3 Ng4 24.Re1 Bf6 25.Bc3 Nd4 {#R} 0-1

[Event "It (open)"]
[Site "masterchessopen.com – Bogota (Colombia)"]
[Date "2011.06.18"]
[Round "4"]
[White "Rodriguez Mayorga Julian E"]
[Black "Ramirez Jaime Orlando (COL)"]
[Result "1-0"]
[WhiteElo "2063"]
[BlackElo "1984"]

1.d4 Nf6 2.c4 e6 3.Nf3 b6 4.e3 Bb7 5.Bd3 Be7 6.Nc3 c5 7.O-O d6 8.a4 O-O 9.d5
exd5 10.cxd5 Nxd5 11.Nxd5 Bxd5 12.Bxh7+ Kxh7 13.Qxd5 Nd7 14.e4 Nf6 15.Ng5+ Kg8
16.Qd3 {#r} 1-0

[Event "Ch Greece (juniors) (under 16) (g)"]
[Site "masterchessopen.com – Eretria (Greece)"]
[Date "2011.06.27"]
[Round "3"]
[White "Gratsea Ekaterini (GRE)"]
[Black "Fragkou Eleni (GRE)"]
[Result "0-1"]
[WhiteElo "1806"]
[BlackElo "1869"]

1.d4 Nf6 2.c4 e6 3.Nf3 b6 4.e3 Bb7 5.Nc3 Bb4 6.Bd2 O-O 7.a3 Bxc3 8.Bxc3 Ne4
9.Bd3 f5 10.O-O d6 11.Bxe4 fxe4 12.Ne1 Qg5 13.Rc1 Nd7 14.g3 Nf6 15.Ng2 Qf5
16.h4 h6 17.Rc2 g5 18.h5 Qh3 19.f4 exf3 20.Rxf3 Bxf3 21.Qxf3 Ng4 22.Nf4 gxf4
23.Qe4 Qxh5 24.Qxe6+ Rf7 25.exf4 Qf5 26.Qd5 Qxd5 {#R} 0-1

[Event "Ch European Union (juniors) (under 10)"]
[Site "masterchessopen.com – Mureck (Austria)"]
[Date "2011.08.09"]
[Round "7"]
[White "Kugappi Tomi (FIN)"]
[Black "Represa Perez Mireya (ESP)"]
[Result "1-0"]
[WhiteElo "1792"]
[BlackElo "1402"]

1.d4 Nf6 2.Nf3 e6 3.c4 b6 4.e3 Bb7 5.Bd3 Be7 6.O-O O-O 7.Nbd2 d5 8.b3 c5 9.Bb2
Nc6 10.Ne5 cxd4 11.exd4 dxc4 12.Ndxc4 Qc7 13.Qe2 Rfd8 14.Rfd1 Rac8 15.Rac1 Nd5
16.Bxh7+ Kf8 17.Qh5 Bf6 18.Ba3+ Ndb4 19.Bxb4+ Nxb4 20.Nxb6 Qe7 21.Nxc8 Bxc8
22.Be4 Ba6 23.Qh8# 1-0

[Event "It (open)"]
[Site "masterchessopen.com – Porto San Giorgio (Italy)"]
[Date "2011.08.22"]
[Round "2"]
[White "Rinaudo Sergio (ITA)"]
[Black "Tortolini Francesco"]
[Result "1-0"]
[WhiteElo "2144"]
[BlackElo "1918"]

1.d4 e6 2.Nf3 Nf6 3.c4 b6 4.e3 Bb7 5.Bd3 Bb4+ 6.Bd2 Bxd2+ 7.Nbxd2 d6 8.O-O
Nbd7 9.Qc2 O-O 10.Rad1 Qe7 11.Rfe1 c5 12.Ng5 h6 13.Nge4 Nxe4 14.Bxe4 Bxe4
15.Nxe4 f5 16.Nc3 a6 17.Qa4 Rfc8 18.Rd2 b5 19.Nxb5 Nb6 20.Qd1 axb5 21.dxc5
dxc5 22.cxb5 Rxa2 23.Qb3 {#r} 1-0

[Event "Ch Europe (for the Blind)"]
[Site "masterchessopen.com – Rhodes (Greece)"]
[Date "2011.09.10"]
[Round "5"]
[White "Hilton Stephen (SCO)"]
[Black "Krylov Sergey (RUS)"]
[Result "0-1"]
[WhiteElo "1927"]
[BlackElo "2352"]

1.d4 Nf6 2.c4 e6 3.Nf3 b6 4.e3 Bb7 5.Bd3 c5 6.O-O Nc6 7.a3 Be7 8.Nc3 d5 9.cxd5
exd5 10.Bb5 O-O 11.b3 Na5 12.dxc5 bxc5 13.Bb2 Qb6 14.Ba4 Rfd8 15.Rb1 d4
16.exd4 cxd4 17.Na2 d3 18.Nd2 Nc6 19.Nc4 Qc5 20.Rc1 Nd4 21.Bxd4 Rxd4 22.b4 Qg5
23.Ne3 Ng4 24.f4 Rxf4 25.Nxg4 Rxg4 26.g3 Rxg3+ {#R} 0-1

[Event "Ch City (open)"]
[Site "masterchessopen.com – Munich (Germany)"]
[Date "2011.09.20"]
[Round "4"]
[White "Marian Hartmut (GER)"]
[Black "Lammers Markus (GER)"]
[Result "0-1"]
[WhiteElo "2064"]
[BlackElo "2397"]

1.d4 Nf6 2.c4 e6 3.Nf3 b6 4.e3 Bb7 5.Bd3 d5 6.O-O Bd6 7.Nbd2 Nbd7 8.Qe2 Ne4
9.b3 O-O 10.Bb2 Qf6 11.Rab1 Qh6 12.h3 Rad8 13.Rfd1 f5 14.Ne5 Nxe5 15.dxe5 Bc5
16.Nf1 f4 17.Bxe4 dxe4 18.exf4 Qxf4 19.Ne3 Rd3 20.Bc1 Qxe5 21.Qg4 Bd4 22.Rf1
Rf6 23.Qe2 h5 24.Nc2 Rxh3 {#R} 0-1

[Event "It (open)"]
[Site "masterchessopen.com – Tatranske Zruby (Slovakia)"]
[Date "2011.09.29"]
[Round "6"]
[White "Smehlik Jaroslav (CZE)"]
[Black "Kvassay Peter (SVK)"]
[Result "0-1"]
[WhiteElo "1927"]
[BlackElo "2080"]

1.d4 Nf6 2.c4 e6 3.e3 b6 4.Nf3 Bb7 5.Be2 Bb4+ 6.Bd2 Be7 7.O-O O-O 8.Nc3 c5
9.a3 d6 10.Rc1 Nbd7 11.Qc2 Rc8 12.Qb1 Qc7 13.e4 cxd4 14.Nxd4 Qb8 15.b4 Ne5
16.Bf4 Nxc4 17.Qb3 Ne5 18.f3 Ng6 19.Be3 d5 20.exd5 Nxd5 21.Nxd5 Bxd5 22.Bc4
Rxc4 {#R} 0-1

[Event "Ch Europe (blitz)"]
[Site "masterchessopen.com – Warsaw (Poland)"]
[Date "2011.12.16"]
[Round "1"]
[White "Armstrong Malcolm (ENG)"]
[Black "Riazantsev Alexander (RUS)"]
[Result "0-1"]
[WhiteElo "2016"]
[BlackElo "2710"]

1.d4 Nf6 2.Nf3 e6 3.c4 b6 4.e3 Bb7 5.Bd3 d5 6.O-O Bd6 7.Nbd2 O-O 8.b3 Nbd7
9.Bb2 Ne4 10.Qe2 a6 11.Rad1 Qe7 12.Ne5 Bb4 13.Nxe4 dxe4 14.Bc2 Nxe5 15.dxe5 a5
{#R} 0-1

[Event "It \"]
[Site "masterchessopen.com – Le Port-Marly (France)"]
[Date "2012.01.07"]
[Round "9"]
[White "Edouard Romain (FRA)"]
[Black "David Alberto (LUX)"]
[Result "0-1"]
[WhiteElo "2616"]
[BlackElo "2598"]

1.d4 Nf6 2.c4 e6 3.Nf3 b6 4.e3 Bb7 5.Bd3 c5 6.O-O Be7 7.Nc3 h6 8.b3 O-O 9.Bb2
cxd4 10.Nxd4 Na6 11.Rc1 Nc5 12.Be2 a6 13.f3 d6 14.e4 Nh5 15.Qd2 Bg5 16.Qd1
Be3+ 17.Kh1 Qh4 18.g4 Bf4 {#R} 0-1

[Event "Ch Czech Republic (team) (1 liga) East"]
[Site "masterchessopen.com – Czech Republic"]
[Date "2012.01.15"]
[Round "6"]
[White "Kovar Oldrich (CZE)"]
[Black "Dobes Vojtech (CZE)"]
[Result "0-1"]
[WhiteElo "2058"]
[BlackElo "2055"]

1.d4 Nf6 2.c4 e6 3.Nf3 b6 4.e3 Bb7 5.Be2 Be7 6.O-O O-O 7.Nc3 d5 8.a3 Nbd7 9.b3
c5 10.Bb2 Rc8 11.Rc1 Ne4 12.Nxe4 dxe4 13.Nd2 f5 14.f3 cxd4 15.exd4 e3 16.Nb1
f4 17.Qd3 Bh4 18.Nc3 Bf2+ 19.Kh1 Qh4 20.Ne4 Rf5 21.h3 Bxe4 22.Qxe4 Qh6 23.d5
Nc5 24.Qc2 Rg5 25.b4 Qh4 26.bxc5 Rxg2 {#R} 0-1

[Event "It (open)"]
[Site "masterchessopen.com – Nova Gorica (Slovenia)"]
[Date "2012.01.27"]
[Round "1"]
[White "Stolfa Rodolfo (ITA)"]
[Black "Tonon Alessandro (ITA)"]
[Result "0-1"]
[WhiteElo "1803"]
[BlackElo "2235"]

1.d4 Nf6 2.c4 e6 3.Nf3 b6 4.e3 Bb7 5.Bd3 d5 6.cxd5 exd5 7.O-O Bd6 8.Nc3 Nbd7
9.Nb5 Be7 10.Bd2 a6 11.Nc3 Bd6 12.Re1 Ne4 13.Qc2 Qe7 14.Bc1 f5 15.Bf1 O-O
16.g3 Ndf6 17.Nxe4 fxe4 18.Nh4 Ng4 19.Re2 Nxh2 20.Kxh2 Qxh4+ 21.Kg1 Qh5 22.a3
Rf6 23.Bd2 Rh6 24.Bg2 Qxe2 {#R} 0-1

[Event "Ch France (open) (b)"]
[Site "masterchessopen.com – Pau (France)"]
[Date "2012.08.25"]
[Round "11"]
[White "Joslin Jerome"]
[Black "Forgues Valerie (FRA)"]
[Result "1-0"]
[WhiteElo "1973"]
[BlackElo "1940"]

1.d4 Nf6 2.c4 e6 3.e3 b6 4.Nf3 Bb7 5.Bd3 Bb4+ 6.Bd2 Bxd2+ 7.Nbxd2 d5 8.Rc1 O-O
9.cxd5 Nxd5 10.Bb1 Ba6 11.Qc2 f5 12.g4 Qe8 13.a4 Kh8 14.gxf5 exf5 15.Qb3 Bb7
16.Rg1 Nd7 17.Bd3 a6 18.Bc4 N5f6 19.Ng5 Qh5 20.Nf1 g6 21.Ne6 Rfc8 22.Nf4 Qh6
23.Be6 Qg7 24.Bxf5 Qe7 25.Rxg6 {#r} 1-0